Imágenes del bien y del mal / Martin Buber ; traducción de Mónica Sifrim, Abraham Huberman y Marcelo Burello (Registro nro. 42219)
[ vista simple ]
| 000 -LÍDER | |
|---|---|
| Campo fijo de descripción fija | 012970000a22002050004500 |
| 020 ## - NÚMERO INTERNACIONAL NORMALIZADO PARA LIBROS | |
| Número Internacional Normalizado del libro | 987-21897-3-0 |
| 082 04 - NÚMERO DE CLASIFICACIÓN DECIMAL DEWEY | |
| Número de clasificación | G 111.84 B917i |
| 001 - NÚMERO DE CONTROL | |
| Campo de control | 13232 |
| 245 10 - TÍTULO | |
| Título del Material | Imágenes del bien y del mal / Martin Buber ; traducción de Mónica Sifrim, Abraham Huberman y Marcelo Burello |
| 260 ## - PUBLICACIÓN, DISTRIBUCIÓN, ETC. (PIE DE IMPRENTA) | |
| Lugar de publicación, distribución, etc. | Buenos Aires : Ediciones Lilmod |
| 300 ## - DESCRIPCIÓN FÍSICA | |
| Extensión | 256 p. |
| 336 ## - CONTENT TYPE | |
| Content type term | texto |
| Content type code | txt |
| Source | rdacontent |
| 337 ## - MEDIA TYPE | |
| Source | rdamedia |
| Media type term | sin mediación |
| Media type code | n |
| 338 ## - CARRIER TYPE | |
| Source | rdacarrier |
| Carrier type term | volumen |
| Carrier type code | nc |
| 500 ## - NOTA GENERAL | |
| Nota General | Incluye referencias bibliográficas e índice \ Título original: Bilder von gut un bose |
| 505 00 - NOTA DE CONTENIDO | |
| Nota de contenido con formato preestablecido | Ensayos sobre el judaísmo -- La fe del judaísmo -- El hombre de hoy y la Biblia judía -- La pregunta silenciosa -- Los dos focos del alma judía -- El judaísmo y el hombre moderno -- El camino del hombre según las enseñanzas de judaísmo -- Spinoza, Sabati Sevi y el Baal Shem Tov -- El bien y el mal: dos interpretaciones -- Imágenes del bien y del mal -- Lo correcto y lo incorrecto: interpretación de algunos salmos -- Epílogo: Martin Buber: una alternativa para nuestra época |
| 650 14 - ASIENTO SECUNDARIO DE MATERIA - TERMINO TEMÁTICO | |
| Término temático o nombre geográfico como elemento de entrada | ETICA - JUDAISMO \ JUDAISMO - FILOSOFIA - SIGLO XX \ BIEN Y MAL \ FE \ JUDAISMO \ FILOSOFIA DE LA RELIGION \ FILOSOFIA MODERNA - SIGLO XX |
| 942 ## - TIPO DE MATERIAL (KOHA) | |
| Tipo de Item KOHA | Libros General |
| Estado de Material | Estado de Perdido | Estado de Dañado | No para Préstamo | Colección | Tomo | Biblioteca de Origen | Biblioteca Permanente | Fecha de Adquisición | Total de Préstamos | Total de Renovaciones | Signatura Topográfica | Código de Barras | Última vez visto | Última vez Préstado | Ejemplar/Existencia | Fecha de Remplazo | Tipo de Material |
|---|---|---|---|---|---|---|---|---|---|---|---|---|---|---|---|---|---|
| Colección General | Biblioteca FUSBC | Biblioteca FUSBC | 29/08/2012 | 2 | 3 | G 111.84 B917i | 17687 | 01/04/2025 | 28/02/2025 | 1 | 26/01/2016 | Libros General |
